Представление документа в формате RUSMARC

ПолеНазваниеЗначение
  Тип записи i
  Библиографический уровень m
001 Контрольный номер RU/SLIB/B/237555316
005 Дата корректировки 20260609141440.8
010 Индекс ISBN __
d Цена 142-78
101 Язык документа 0_
a Язык текста rus
c Язык оригинала rus
200 Заглавие и сведения об ответственности 1_
a Заглавие Недоросль
e Сведения, относящиеся к заглавию [комедия : аудиоспектакль]
f Первые сведения об ответственности Денис Иванович Фонвизин
b Общее обозначение материала Звукозапись
210 Выходные данные 1_
a Место издания М.
c Издательство Бизнессофт
c Издательство Гостелерадиофонд
d Дата издания 2006
215 Физическое описание __
a Объем 1 электрон. опт. диск (Audio CD) (2 ч. 05 мин.)
225 Серия 2_
a Серия Аудиокниги
300 Общие примечания __
a Общие примечания mp3 ; AudioCD ; Pentium 100 MHz ; 16 Mb RAM ; 4-x CD-ROM ; звуковая карта SVGA ; Windows 98/Me/XP/2000
323 Примечание о главных создателях, исполнителях, участниках __
a Примечание о главных создателях, исполнителях, участниках Харченко С. (читает)
a Примечание о главных создателях, исполнителях, участниках Долматова Э. (читает)
a Примечание о главных создателях, исполнителях, участниках Скоробогатова Г. (читает)
a Примечание о главных создателях, исполнителях, участниках Коршунов А. (читает)
a Примечание о главных создателях, исполнителях, участниках Верещенко Н. (читает)
330 Аннотация __
a Аннотация Социально-политическая комедия поднимает актуальные проблемы нравственного разложения дворянства и воспитания молодежи.
333 Примечание о целевом назначении __
a Примечание о целевом назначении 12+. Для детей старше 12 лет
606 Тематические рубрики __
a Основная рубрика Художественная литература
z Хронологическая подрубрика 18 в.
y Географическая подрубрика Россия
606 Тематические рубрики __
a Основная рубрика Русская литература XVIII в. (произведения)
610 Ключевые слова 0_
a Ключевые слова драматургия; пьесы; комедии; сатира; тема дворянства; тема нравственности; тема воспитания; тема морали; тема нравов; классицизм
686 Индексы других классификаций __
a Классификационный индекс 84(2=411.2)5-6я04; ст84(2Рос=Рус)1-6я04
700 Автор _1
a Фамилия Фонвизин
b Имя Д. И.
g Полное личное имя Денис Иванович
4 Код отношения 070
f Даты 1745-1792
801 Источник записи _0
a Страна RU
b Организация Муниципальное бюджетное учреждение культуры "Централизованная библиотечная система" г. Сургут (Центральная городская библиотека им. А. С. Пушкина)
g Правила каталогизации КиК/Дорошева
801 Источник записи _1
a Страна RU
b Организация Муниципальное бюджетное учреждение культуры "Централизованная библиотечная система" г. Сургут (Центральная городская библиотека им. А. С. Пушкина)
g Правила каталогизации КиК/Дорошева
852 Данные о местонахождении __
j Шифр хранения 84(2=411.2)5-6я04
c Каталожный индекс 84(2Рос=Рус)1-6я04
i Авторский знак Ф 77
901 Тип документа __
t Тип документа 0
903 Характеристики (МАРС) __
a Дата передачи 20070718
969 Тип издания __
a Тип издания аудиокнига
990 Данные о заказе (DOS) __
j Количество экземпляров (DOS) 3
h N записи в КСУ для Б/У (DOS) 200708